[Event "SG Mengede 1 - SC Rochade Rüttenscheid "]
[Site "Verbandsklasse, Gruppe 3 2017"]
[Date "2018.02.25"]
[Round "7.7"]
[White "Bruckmann, Jochen"]
[Black "Wiktor, Reinhard"]
[Result "1/2-1/2"]
[WhiteElo "1789"]
[BlackElo "1702"]
[PlyCount "49"]
[EventDate "2018.??.??"]

1. e4 d6 2. Bc4 e6 3. Nc3 c6 4. d4 d5 5. Bb3 dxe4 6. Nxe4 Nf6 7. Nxf6+ Qxf6 8.
Nf3 h6 9. O-O Bd6 10. Qe2 O-O 11. Ne5 c5 12. c3 cxd4 13. cxd4 Nc6 14. Nxc6 bxc6
15. Qe4 Bd7 16. Bc2 Qf5 17. Qxf5 exf5 18. Re1 Rfe8 19. Bd2 Rab8 20. Rxe8+ Rxe8
21. Rd1 Rb8 22. Bc3 Be6 23. a3 g6 24. Bd3 Bd5 25. f3 1/2-1/2

[Event "SG Mengede 1 - SC Rochade Rüttenscheid "]
[Site "Verbandsklasse, Gruppe 3 2017"]
[Date "2018.02.25"]
[Round "7.8"]
[White "Ropel, Dennis"]
[Black "Furchtbar, Uwe"]
[Result "1/2-1/2"]
[WhiteElo "1481"]
[BlackElo "1788"]
[PlyCount "82"]
[EventDate "2018.??.??"]

1. c4 Nf6 2. Nc3 e6 3. g3 d5 4. cxd5 exd5 5. d4 c6 6. Bg2 Bd6 7. Nf3 Qe7 8. O-O
O-O 9. a3 Nbd7 10. e3 Nb6 11. Re1 Ne4 12. Nxe4 dxe4 13. Nd2 f5 14. Qc2 Be6 15.
Bf1 Qf7 16. b4 Rac8 17. Bb2 Rfe8 18. Rec1 Bb8 19. Qd1 Bd5 20. h3 Re6 21. Nc4
Nxc4 22. Rxc4 Rh6 23. Rc3 Rf8 24. Bc1 g5 25. Bg2 f4 26. exf4 gxf4 27. Bxf4 Bxf4
28. gxf4 Kh8 29. Rg3 Qxf4 30. Qe1 Rhf6 31. Rc1 Qxf2+ 32. Qxf2 Rxf2 33. Rf1
Rxf1+ 34. Bxf1 Rf3 35. Kg2 Rf6 36. Be2 Rf4 37. Kg1 e3 38. Rxe3 Rxd4 39. Re8+
Kg7 40. Re7+ Kg6 41. Rxb7 c5 1/2-1/2

[Event "SV Bochum-Linden 1 - SC Listiger Bauer "]
[Site "Verbandsklasse, Gruppe 3 2017"]
[Date "2018.02.25"]
[Round "7.2"]
[White "Boehm, Ingo"]
[Black "Klups, Christoph"]
[Result "1/2-1/2"]
[WhiteElo "2066"]
[BlackElo "1971"]
[PlyCount "102"]
[EventDate "2018.??.??"]

1. e4 c5 2. Nf3 d6 3. d4 cxd4 4. Nxd4 Nf6 5. Nc3 a6 6. Bc4 Qc7 7. Bb3 e6 8. O-O
Nc6 9. Bg5 b5 10. Re1 Nxd4 11. Qxd4 Be7 12. a4 b4 13. Qxb4 d5 14. Qd4 Ng4 15.
e5 f6 16. Qxg4 fxg5 17. Qh5+ g6 18. Qh6 Bb7 19. Rad1 O-O-O 20. Qh3 Kb8 21. Qxe6
Bc8 22. Qf7 Rhf8 23. Nxd5 Rxf7 24. Nxc7 Rxd1 25. Rxd1 Rf5 26. Nd5 Bc5 27. Rd2
Rxe5 28. Kf1 a5 29. Bc4 Be6 30. b3 Rf5 31. g4 Rf3 32. Kg2 Bxg4 33. h3 Bh5 34.
c3 Rf8 35. Ne3 Bf3+ 36. Kg1 Re8 37. Rd7 Bxe3 38. fxe3 Rxe3 39. Rxh7 Rxc3 40.
Re7 Bd1 41. Re5 Rxh3 42. Rxa5 Kc7 43. Rb5 g4 44. Rc5+ Kb6 45. Rg5 Bc2 46. a5+
Ka7 47. b4 Bf5 48. Bf7 Rg3+ 49. Kh2 Rh3+ 50. Kg1 Rg3+ 51. Kh2 Rh3+ 1/2-1/2

[Event "SV Bochum-Linden 1 - SC Listiger Bauer "]
[Site "Verbandsklasse, Gruppe 3 2017"]
[Date "2018.02.25"]
[Round "7.3"]
[White "Kunisch, Siegfried"]
[Black "Schreck, Roland"]
[Result "0-1"]
[WhiteElo "1967"]
[BlackElo "2111"]
[PlyCount "158"]
[EventDate "2018.??.??"]

1. e4 g6 2. g3 d5 3. d3 Bg7 4. Nc3 dxe4 5. dxe4 Qxd1+ 6. Nxd1 Nf6 7. f3 Nc6 8.
Ne3 e5 9. Bc4 O-O 10. Ne2 Nd4 11. Kf2 b5 12. Bd3 c6 13. c3 Ne6 14. b4 Rd8 15.
Rd1 a6 16. a4 Bb7 17. Nc2 c5 18. Na3 Bf8 19. axb5 axb5 20. Rb1 c4 21. Bc2 Bc6
22. Rxd8 Rxd8 23. Be3 Ra8 24. Ra1 Ne8 25. Bb1 Nd6 26. g4 Ng7 27. Nc2 f5 28.
Rxa8 Bxa8 29. exf5 gxf5 30. h3 Ne6 31. Na3 f4 32. Bc5 Nxc5 33. bxc5 Nf7 34.
Nxb5 Bxc5+ 35. Ke1 Bc6 36. Nc7 Bb6 37. Ne6 Bd5 38. N2xf4 exf4 39. Nxf4 Bxf3 40.
Nh5 Ne5 41. Nf6+ Kg7 42. Nh5+ Kh6 43. Ng3 Bg2 44. g5+ Kxg5 45. Bxh7 Bxh3 46.
Kd2 Be6 47. Ne2 Bd5 48. Nd4 Kf4 49. Ne2+ Kf3 50. Nd4+ Bxd4 51. cxd4 Nc6 52. Bd3
cxd3 53. Kxd3 Kf4 54. Ke2 Nxd4+ 55. Kd3 Nc6 56. Ke2 Bc4+ 57. Kd2 Bb5 58. Ke1
Ke3 59. Kd1 Nd4 60. Kc1 Kd3 61. Kb1 Kc3 62. Ka2 Nc2 63. Kb1 Bc4 64. Kc1 Ba2 65.
Kd1 Nd4 66. Ke1 Kd3 67. Kf2 Ne2 68. Ke1 Ke3 69. Kd1 Bb3+ 70. Ke1 Bc2 71. Kf1
Nf4 72. Ke1 Ng2+ 73. Kf1 Kf3 74. Kg1 Kg3 75. Kf1 Bd3+ 76. Kg1 Nf4 77. Kh1 Ba6
78. Kg1 Nh3+ 79. Kh1 Bb7# 0-1

[Event "SV Bochum-Linden 1 - SC Listiger Bauer "]
[Site "Verbandsklasse, Gruppe 3 2017"]
[Date "2018.02.25"]
[Round "7.4"]
[White "Schmidt, Ralph"]
[Black "Wagner, Ole"]
[Result "0-1"]
[WhiteElo "1867"]
[BlackElo "1950"]
[PlyCount "94"]
[EventDate "2018.??.??"]

1. e4 c5 2. Nc3 Nc6 3. d3 Nf6 4. Be3 e6 5. Nf3 d5 6. exd5 Nxd5 7. Nxd5 Qxd5 8.
d4 cxd4 9. Nxd4 Nxd4 10. Qxd4 Qxd4 11. Bxd4 Bd7 12. Bd3 Bc6 13. O-O-O h5 14. h4
Rg8 15. Rhe1 Be7 16. g3 a6 17. Be2 g6 18. Be5 Bc5 19. Bd4 Bxd4 20. Rxd4 Rd8 21.
Rxd8+ Kxd8 22. Bd3 Ke7 23. Re5 Rd8 24. Rc5 Rd6 25. b3 Kf6 26. a4 b6 27. Rg5 a5
28. g4 hxg4 29. Rxg4 e5 30. Rg3 Rd4 31. Rh3 Rf4 32. h5 g5 33. Be2 Kg7 34. Re3
Re4 35. Kd2 Rxe3 36. Kxe3 f5 37. Bb5 Bb7 38. f3 f4+ 39. Kf2 Kh6 40. Be8 e4 41.
fxe4 Bxe4 42. c3 g4 43. b4 g3+ 44. Kg1 f3 45. Bb5 Kxh5 46. bxa5 bxa5 47. Bf1
f2# 0-1

[Event "SV Bochum-Linden 1 - SC Listiger Bauer "]
[Site "Verbandsklasse, Gruppe 3 2017"]
[Date "2018.02.25"]
[Round "7.5"]
[White "Ball, Joerg"]
[Black "Hochstein, Udo"]
[Result "0-1"]
[WhiteElo "1924"]
[BlackElo "1876"]
[PlyCount "114"]
[EventDate "2018.??.??"]

1. e4 c5 2. Nf3 e6 3. d4 cxd4 4. Nxd4 Nf6 5. Bd3 Nc6 6. Nxc6 bxc6 7. c4 Bb4+ 8.
Nc3 Bxc3+ 9. bxc3 Qa5 10. Bd2 O-O 11. Qe2 d6 12. O-O Rb8 13. f4 Rb2 14. Rab1
Rxa2 15. e5 Nd7 16. exd6 Qc5+ 17. Be3 Rxe2 18. Bxc5 Rd2 19. Bxh7+ Kxh7 20. Bxa7
Rxd6 21. Rfd1 Rxd1+ 22. Rxd1 Nf6 23. Bd4 Ba6 24. c5 Kg6 25. h3 Nd5 26. Ra1 Bc4
27. Ra4 Bb5 28. Ra7 Nxf4 29. Kf2 e5 30. Be3 Nd5 31. Bd2 f5 32. g3 Rf7 33. Ra8
Re7 34. Rc8 Re6 35. h4 e4 36. Be1 Kh5 37. Rg8 Kg6 38. h5+ Kh7 39. Rf8 Nf6 40.
Kg2 Be2 41. h6 Kxh6 42. Kf2 Bd1 43. Bd2+ Kg6 44. Ke1 Bb3 45. Be3 Nd7 46. Rd8
Ne5 47. Rc8 Bc4 48. Rc7 Bd5 49. Ra7 Nf3+ 50. Kf2 Kf6 51. Ra4 Ne5 52. Bd4 Re7
53. Ra6 Kg5 54. Ra8 Ng4+ 55. Ke2 Rb7 56. Re8 Rb2+ 57. Kf1 Nh2+ 0-1

[Event "SV Bochum-Linden 1 - SC Listiger Bauer "]
[Site "Verbandsklasse, Gruppe 3 2017"]
[Date "2018.02.25"]
[Round "7.6"]
[White "Pappert, Thomas"]
[Black "Mandl, Stefan"]
[Result "1/2-1/2"]
[WhiteElo "1750"]
[BlackElo "1907"]
[PlyCount "61"]
[EventDate "2018.??.??"]

1. c4 b6 2. Nc3 c5 3. e4 d6 4. d3 e6 5. f4 Nf6 6. Nf3 d5 7. e5 d4 8. Ne4 Nxe4
9. dxe4 Be7 10. Bd3 Nc6 11. a3 Qd7 12. O-O Bb7 13. Bd2 Qc7 14. Qa4 O-O 15. b4
cxb4 16. axb4 a5 17. bxa5 bxa5 18. Rfb1 Nb4 19. Bxb4 Bxb4 20. Ra2 Rfd8 21. g4
Rab8 22. f5 Bc6 23. Qc2 Bc3 24. Rxb8 Rxb8 25. f6 gxf6 26. Qc1 Qe7 27. Qh6 Qf8
28. Qxf6 Qd8 29. Qh6 Qf8 30. Qf6 Qd8 31. Qh6 1/2-1/2

[Event "SV Bochum-Linden 1 - SC Listiger Bauer "]
[Site "Verbandsklasse, Gruppe 3 2017"]
[Date "2018.02.25"]
[Round "7.7"]
[White "Petri, Norbert"]
[Black "Skara, Milenko"]
[Result "1-0"]
[WhiteElo "1870"]
[BlackElo "1770"]
[Annotator "Daniel"]
[PlyCount "55"]
[EventDate "2018.??.??"]

1. c4 e6 2. e4 d5 3. cxd5 exd5 4. exd5 Qxd5 5. Nc3 Qe5+ 6. Be2 Bd7 7. Nf3 Qa5
8. O-O Bd6 9. d4 Ne7 10. Ne4 Qd5 $11 11. Nxd6+ Qxd6 12. Qb3 Qb6 13. Bc4 Qxb3
14. Bxb3 O-O 15. Bf4 Na6 16. d5 Ng6 17. Be3 h6 18. h3 Rfe8 19. Rac1 Bf5 20.
Rfd1 Be4 21. Nd2 Bd3 22. Nc4 Be4 23. d6 Bc6 24. Na5 Ne5 25. dxc7 Nxc7 26. Nxc6
Nxc6 27. Rd7 Re7 28. Rxe7 1-0

[Event "SV Bochum-Linden 1 - SC Listiger Bauer "]
[Site "Verbandsklasse, Gruppe 3 2017"]
[Date "2018.02.25"]
[Round "7.8"]
[White "Boemelburg, Hans-Juergen"]
[Black "Scholtes, Martin"]
[Result "1/2-1/2"]
[WhiteElo "1672"]
[BlackElo "1811"]
[PlyCount "83"]
[EventDate "2018.??.??"]

1. e4 d5 2. exd5 Qxd5 3. Nc3 Qd8 4. Nf3 Nf6 5. Bc4 a6 6. a4 Nc6 7. O-O e6 8. d4
Nb4 9. Qe2 Be7 10. Bf4 O-O 11. Rfe1 c6 12. Ne4 Nxe4 13. Qxe4 Nd5 14. Bd3 Nf6
15. Qe2 Bd7 16. Ne5 c5 17. dxc5 Bxc5 18. Rad1 Qe7 19. Bg5 Bxa4 20. Bxf6 Qxf6
21. Ng4 Qh4 22. Qe4 Kh8 23. g3 f5 24. Qxa4 Qxg4 25. Qxg4 fxg4 26. Rd2 Rf6 27.
Re4 Raf8 28. Rxg4 Rxf2 29. Rxf2 Rxf2 30. Kh1 g6 31. Re4 Rf6 32. b4 Bd6 33. c3
Rf3 34. Rd4 Be5 35. Rd8+ Kg7 36. Be4 Rxc3 37. Bxb7 Rb3 38. Bxa6 Rxb4 39. Rd7+
Kh6 40. Re7 Rb6 41. Bc4 Bf6 42. Rxe6 1/2-1/2

[Event "SC Buer-Hassel 1 - SV Unser Fritz 1"]
[Site "Verbandsklasse, Gruppe 3 2017"]
[Date "2018.02.25"]
[Round "7.1"]
[White "Rutz, Dirk"]
[Black "Griebl, Joern"]
[Result "0-1"]
[WhiteElo "1974"]
[BlackElo "2179"]
[PlyCount "66"]
[EventDate "2018.??.??"]

1. c4 e5 2. Nc3 Nc6 3. g3 g6 4. Bg2 Bg7 5. d3 Nge7 6. e4 O-O 7. Nge2 d6 8. O-O
Be6 9. h3 Qd7 10. Kh2 Rae8 11. Be3 Nd4 12. Qd2 c6 13. Bh6 Bxh6 14. Qxh6 Nxe2
15. Nxe2 f5 16. Rac1 d5 17. exd5 cxd5 18. d4 f4 19. gxf4 exf4 20. Bf3 dxc4 21.
Rg1 Nf5 22. Qxf4 Nh4 23. Qxh4 Rxf3 24. Rc3 Ref8 25. Rxf3 Rxf3 26. Kg2 Bd5 27.
Kf1 Rxh3 28. Qf6 Rf3 29. Nf4 c3 30. bxc3 Qb5+ 31. Ke1 Qb1+ 32. Ke2 Qc2+ 33. Ke1
Qxf2+ 0-1

[Event "SC Buer-Hassel 1 - SV Unser Fritz 1"]
[Site "Verbandsklasse, Gruppe 3 2017"]
[Date "2018.02.25"]
[Round "7.2"]
[White "Bossy, Arnim"]
[Black "Jungbluth, Michael"]
[Result "1-0"]
[WhiteElo "2142"]
[BlackElo "1856"]
[PlyCount "67"]
[EventDate "2018.??.??"]

1. d4 Nf6 2. Bf4 e6 3. e3 d5 4. Nf3 c5 5. c3 Nc6 6. Nbd2 Bd6 7. Bg3 O-O 8. Bd3
c4 9. Bc2 b5 10. a3 Bb7 11. O-O a5 12. e4 Bxg3 13. hxg3 dxe4 14. Nxe4 Nxe4 15.
Bxe4 f5 16. Bc2 Qf6 17. Qe2 a4 18. Rae1 Rfe8 19. Ne5 Nxe5 20. Qxe5 Bd5 21. Re2
Qxe5 22. Rxe5 Rad8 23. Rfe1 g6 24. g4 fxg4 25. Rg5 Rf8 26. Rxg4 Rf6 27. Rg5
Rdf8 28. f3 Kf7 29. Rge5 Rd8 30. Kf2 Rd7 31. Ke3 h6 32. Rh1 Kg7 33. Be4 g5 34.
Rxg5+ 1-0

[Event "SC Buer-Hassel 1 - SV Unser Fritz 1"]
[Site "Verbandsklasse, Gruppe 3 2017"]
[Date "2018.02.25"]
[Round "7.3"]
[White "Mikulski, Georg"]
[Black "Wolff, Christoph"]
[Result "1/2-1/2"]
[WhiteElo "1908"]
[BlackElo "1948"]
[PlyCount "35"]
[EventDate "2018.??.??"]

1. e4 c5 2. Nf3 d6 3. d4 cxd4 4. Nxd4 Nf6 5. Nc3 a6 6. Be3 e6 7. Qd2 Qc7 8. f3
b5 9. g4 b4 10. Nce2 e5 11. Nb3 Nc6 12. Ng3 Be6 13. g5 Nd7 14. Qf2 a5 15. Bd3
Rb8 16. O-O a4 17. Nd2 Nc5 18. Bxc5 1/2-1/2

[Event "SC Buer-Hassel 1 - SV Unser Fritz 1"]
[Site "Verbandsklasse, Gruppe 3 2017"]
[Date "2018.02.25"]
[Round "7.4"]
[White "Wiechen, Ulrich"]
[Black "Goessling, Juergen"]
[Result "1-0"]
[WhiteElo "1949"]
[BlackElo "1749"]
[PlyCount "43"]
[EventDate "2018.??.??"]

1. e4 e6 2. d4 d5 3. Nc3 Nf6 4. e5 Nfd7 5. f4 c5 6. Nf3 Nc6 7. Be3 b6 8. Bb5
Bb7 9. O-O a6 10. Bxc6 Bxc6 11. Ne2 Bb5 12. c3 h6 13. Rf2 Bxe2 14. Qxe2 Be7 15.
g4 Qc7 16. f5 c4 17. a4 O-O-O 18. b3 Kb7 19. bxc4 Qxc4 20. Qxc4 dxc4 21. Nd2
Rc8 22. fxe6 1-0

[Event "SC Buer-Hassel 1 - SV Unser Fritz 1"]
[Site "Verbandsklasse, Gruppe 3 2017"]
[Date "2018.02.25"]
[Round "7.5"]
[White "Tober, Julian"]
[Black "Hirschberg, Markus"]
[Result "0-1"]
[WhiteElo "1731"]
[BlackElo "1797"]
[PlyCount "40"]
[EventDate "2018.??.??"]

1. e4 e6 2. d4 d5 3. Nc3 Bb4 4. exd5 exd5 5. Bd3 Nf6 6. Nge2 O-O 7. O-O c6 8.
Bg5 Nbd7 9. Nb1 Re8 10. c3 Bd6 11. Nd2 Bxh2+ 12. Kxh2 Ng4+ 13. Kg3 Qxg5 14. Nf3
Qh6 15. Kxg4 Ne5+ 16. Kg3 Nxd3 17. Qxd3 Re4 18. Ne5 Qh4+ 19. Kf3 Bg4+ 20. Nxg4
Qxg4# 0-1

[Event "SC Buer-Hassel 1 - SV Unser Fritz 1"]
[Site "Verbandsklasse, Gruppe 3 2017"]
[Date "2018.02.25"]
[Round "7.6"]
[White "Wingerning, Gerd"]
[Black "Prang, Andreas"]
[Result "0-1"]
[WhiteElo "1739"]
[BlackElo "1769"]
[Annotator "Daniel"]
[PlyCount "70"]
[EventDate "2018.??.??"]

1. e4 c6 2. d4 d5 3. e5 Bf5 4. Nf3 e6 5. Be2 c5 6. c3 Nc6 7. O-O Bg4 8. Be3
cxd4 9. Bxd4 Nh6 10. Nbd2 Be7 11. Nb3 O-O 12. Re1 Nf5 13. Bc5 Qc7 14. Bxe7
Nfxe7 15. Nfd4 Bf5 16. Nxf5 Nxf5 17. f4 $11 Qb6+ 18. Kh1 Rfd8 19. Bg4 Ne3 20.
Qe2 Nxg4 21. Qxg4 g6 22. Rad1 a5 23. Qe2 a4 24. Nd4 Nxd4 25. Rxd4 a3 26. b3
Rdc8 27. Qd2 Rc6 28. Rc1 Rac8 29. h3 Qc7 30. Rd3 b5 31. Kh2 Kg7 32. Rf3 b4 33.
c4 Qb6 34. f5 exf5 35. Qxd5 Rd8 0-1

[Event "SC Buer-Hassel 1 - SV Unser Fritz 1"]
[Site "Verbandsklasse, Gruppe 3 2017"]
[Date "2018.02.25"]
[Round "7.7"]
[White "Nowicki, Heiko"]
[Black "Strohmann, Andreas"]
[Result "0-1"]
[WhiteElo "1817"]
[BlackElo "1831"]
[PlyCount "38"]
[EventDate "2018.??.??"]

1. e4 d5 2. exd5 Nf6 3. d4 Nxd5 4. c4 Nb6 5. Nc3 e5 6. dxe5 Qxd1+ 7. Nxd1 Nc6
8. Bf4 Bb4+ 9. Nc3 Na4 10. O-O-O Bxc3 11. bxc3 Nxc3 12. Rd2 Bf5 13. Nf3 Ne4 14.
Rb2 O-O-O 15. h3 Rd7 16. g4 Be6 17. Be3 Rhd8 18. Be2 Nc3 19. c5 Nxe2+ 0-1

[Event "Dortmunder SV 1 - Weiße Dame Borbeck 1"]
[Site "Regionalliga 2017/2018"]
[Date "2018.04.15"]
[Round "8.1"]
[White "Loyen, Egbert"]
[Black "Ganzer, Uwe"]
[Result "1/2-1/2"]
[WhiteElo "2176"]
[BlackElo "2165"]
[PlyCount "59"]
[EventDate "2018.??.??"]

1. Nf3 Nf6 2. g3 b6 3. Bg2 Bb7 4. O-O e6 5. c4 c5 6. d4 cxd4 7. Qxd4 d6 8. Nc3
a6 9. Rd1 Nbd7 10. b3 Qc7 11. Ba3 Nc5 12. Rac1 Rc8 13. Ne1 Bxg2 14. Nxg2 Be7
15. Ne3 O-O 16. b4 Ncd7 17. b5 Nc5 18. bxa6 Qa7 19. Nb5 Qxa6 20. Qb2 Rfd8 21.
Rc2 Rd7 22. Qb1 Ra8 23. Bxc5 bxc5 24. Rd3 Qc6 25. Rb3 d5 26. cxd5 Nxd5 27. Nd4
Qa4 28. Nxd5 Rxd5 29. Nb5 Rdd8 30. Nc3 1/2-1/2

[Event "Dortmunder SV 1 - Weiße Dame Borbeck 1"]
[Site "Regionalliga 2017/2018"]
[Date "2018.04.15"]
[Round "8.2"]
[White "Mallee, Ralph"]
[Black "Hillenbrand, Michael"]
[Result "1/2-1/2"]
[WhiteElo "2087"]
[BlackElo "2107"]
[PlyCount "50"]
[EventDate "2018.??.??"]

1. e4 g6 2. d4 Bg7 3. Nf3 d6 4. Bc4 Nf6 5. Nc3 O-O 6. O-O Nxe4 7. Nxe4 d5 8.
Bd3 dxe4 9. Bxe4 Nd7 10. c3 c5 11. Be3 Nf6 12. Bc2 cxd4 13. Bxd4 b6 14. Re1 Bb7
15. Qe2 e6 16. Be5 Qe7 17. Rad1 Rfd8 18. Rd4 Rxd4 19. Nxd4 Rd8 20. Bb3 Nd5 21.
Bxg7 Kxg7 22. Qe5+ Qf6 23. g3 Qxe5 24. Rxe5 Kf6 25. f4 h6 1/2-1/2

[Event "Dortmunder SV 1 - Weiße Dame Borbeck 1"]
[Site "Regionalliga 2017/2018"]
[Date "2018.04.15"]
[Round "8.3"]
[White "Klasmeier, Jens"]
[Black "Wichtrup, Jan-Louis"]
[Result "0-1"]
[WhiteElo "2095"]
[BlackElo "1952"]
[PlyCount "40"]
[EventDate "2018.??.??"]

1. e4 e5 2. Nf3 Nc6 3. Nc3 Nf6 4. Be2 Bb4 5. Nd5 Ba5 6. c3 O-O 7. b4 Bb6 8. a4
Nxe4 9. Qc2 Nxf2 10. Nxb6 Nxh1 11. Nxa8 d5 12. d3 e4 13. dxe4 dxe4 14. Bf4 exf3
15. Bxf3 Qf6 16. g3 Nxb4 17. Qb3 Nd3+ 18. Kf1 Nxf4 19. Nxc7 Bh3+ 20. Kg1 Ne2+
0-1

[Event "Dortmunder SV 1 - Weiße Dame Borbeck 1"]
[Site "Regionalliga 2017/2018"]
[Date "2018.04.15"]
[Round "8.4"]
[White "Wittmann, Rainer"]
[Black "Dewenter, Ulf"]
[Result "1-0"]
[WhiteElo "1981"]
[BlackElo "2120"]
[PlyCount "99"]
[EventDate "2018.??.??"]

1. e4 g6 2. d4 Bg7 3. c3 d6 4. Bd3 Nf6 5. f4 O-O 6. Nf3 c5 7. dxc5 dxc5 8. O-O
Nc6 9. e5 Ne8 10. Be3 b6 11. Ng5 e6 12. Be4 Bb7 13. Qf3 Rc8 14. Qh3 h6 15. Nxe6
fxe6 16. Qxe6+ Rf7 17. Bxg6 Qe7 18. Bxf7+ Qxf7 19. Qxf7+ Kxf7 20. Nd2 Ke7 21.
Nf3 Nc7 22. Nh4 Rg8 23. Rae1 Nd5 24. Bc1 c4 25. Rd1 Nb8 26. Rfe1 Bf8 27. g3 Nd7
28. Nf5+ Ke6 29. Nd4+ Ke7 30. Nb5 Nc5 31. Nd6 Bc6 32. Nxc4 h5 33. Nd6 Ne6 34.
Kf2 b5 35. Nxb5 Bxb5 36. Rxd5 Bc4 37. Ra5 Kd7 38. Rxa7+ Kc6 39. Be3 Nc5 40. Kf3
Nd3 41. Rb1 h4 42. b3 Bd5+ 43. Ke2 Be4 44. Rg1 hxg3 45. Rxg3 Rh8 46. h3 Bh6 47.
Ra4 Bxf4 48. Rxe4 Bxg3 49. Kxd3 Rxh3 50. e6 1-0

[Event "Dortmunder SV 1 - Weiße Dame Borbeck 1"]
[Site "Regionalliga 2017/2018"]
[Date "2018.04.15"]
[Round "8.5"]
[White "Poetter, Clemens"]
[Black "Huettemann, Karl-Heinz"]
[Result "1/2-1/2"]
[WhiteElo "1983"]
[BlackElo "1963"]
[Annotator "Daniel"]
[PlyCount "86"]
[EventDate "2018.??.??"]

1. d4 d5 2. c4 e6 3. Nf3 Nf6 4. Nc3 Be7 5. e3 O-O 6. Bd2 c5 7. dxc5 Bxc5 8. Rc1
Nc6 9. cxd5 exd5 10. Be2 a6 11. O-O Qe7 12. Qc2 Bb6 $11 13. Qb3 Qd8 14. Na4 Ba5
15. Rfd1 Bxd2 16. Rxd2 Na5 17. Qb6 Bd7 18. Qxd8 Raxd8 19. Nb6 Be6 20. Rc7 Rd6
21. Na4 b5 22. Nc5 Rc6 23. Rxc6 Nxc6 24. Nxa6 Na7 25. Nd4 Rc8 26. f3 Bd7 27.
Kf2 Kf8 28. g4 h6 29. h4 g5 30. hxg5 hxg5 31. Nb4 Ke7 32. Rd3 Rc7 33. Ra3 Nc8
34. Ra6 Nd6 35. Nbc6+ Bxc6 36. Nxc6+ Kd7 37. Nd4 Rb7 38. b4 Nfe8 39. Bd3 Nc7
40. Ra5 f6 41. Ke2 Rb6 42. a3 Kc8 43. a4 Nb7 1/2-1/2

[Event "Dortmunder SV 1 - Weiße Dame Borbeck 1"]
[Site "Regionalliga 2017/2018"]
[Date "2018.04.15"]
[Round "8.6"]
[White "Canzler, Harald"]
[Black "Korste, Sebastian"]
[Result "1-0"]
[WhiteElo "1961"]
[BlackElo "1918"]
[Annotator "Daniel"]
[PlyCount "99"]
[EventDate "2018.??.??"]

1. Nf3 e6 2. g3 b6 3. Bg2 Bb7 4. O-O Nf6 5. d3 d6 6. e4 Nbd7 7. Nc3 c5 8. Qe2
Qc7 9. Bd2 Rc8 10. Nh4 c4 11. d4 Be7 12. f4 O-O 13. f5 e5 14. d5 b5 15. Nd1 b4
16. c3 a5 17. Kh1 $11 Ba6 18. g4 Nxd5 19. exd5 Bxh4 20. g5 f6 21. g6 h6 22. Nf2
Bg5 23. Ng4 Nc5 24. Bxg5 fxg5 25. f6 Nd3 26. f7+ Kh8 27. Qe3 Nf4 28. Rxf4 gxf4
29. Qh3 Rxf7 30. gxf7 Qxf7 31. Nxh6 gxh6 32. Qxh6+ Qh7 33. Qxd6 Rg8 34. Qxe5+
Qg7 35. Qh5+ Qh7 36. Qxh7+ Kxh7 37. Be4+ Kh6 38. d6 Bb5 39. Rd1 Rg7 40. Rg1 Rg5
41. Rxg5 Kxg5 42. Kg2 a4 43. a3 bxc3 44. bxc3 Bd7 45. Bd5 Kf5 46. Kf3 Ke5 47.
Bb7 Be8 48. Kg4 Bd7+ 49. Kg5 Bh3 50. Bf3 1-0

[Event "Dortmunder SV 1 - Weiße Dame Borbeck 1"]
[Site "Regionalliga 2017/2018"]
[Date "2018.04.15"]
[Round "8.7"]
[White "Friedrich, Patrick"]
[Black "Brockmann, Fabian"]
[Result "0-1"]
[WhiteElo "1927"]
[BlackElo "1944"]
[Annotator "Daniel"]
[PlyCount "98"]
[EventDate "2018.??.??"]

1. d4 Nf6 2. c4 c5 3. d5 b5 4. cxb5 a6 5. b6 d6 6. Nc3 Nbd7 7. e4 g6 8. Nf3 Bg7
9. Be2 O-O 10. O-O Qxb6 11. h3 Ne8 12. Qc2 Nc7 13. a4 Rb8 14. Nd2 a5 15. Ra3
Ba6 16. Rb3 Qa7 17. Bxa6 Qxa6 18. Ncb1 Rxb3 19. Qxb3 Rb8 20. Qc2 Ne5 21. b3 e6
22. dxe6 Nxe6 23. Bb2 Nf4 24. Na3 Nfd3 25. Bxe5 Bxe5 26. Nb5 Nb4 27. Qc4 Qc6
28. f4 Bg7 29. f5 d5 30. exd5 Qxd5 31. Qxd5 Nxd5 32. fxg6 hxg6 33. Nc4 Nc3 34.
Ncd6 Ne2+ 35. Kf2 Nd4 36. Ke3 f5 37. Rb1 Be5 38. Nc4 Nxb5 39. axb5 Bd4+ 40. Kf4
Rxb5 41. Nd6 Rb4 42. Kg5 a4 43. Re1 axb3 44. Re8+ Kg7 45. Re7+ $11 Kg8 46. Re8+
Kh7 47. Re7+ Bg7 48. g4 b2 49. Ne8 Kg8 0-1

[Event "Dortmunder SV 1 - Weiße Dame Borbeck 1"]
[Site "Regionalliga 2017/2018"]
[Date "2018.04.15"]
[Round "8.8"]
[White "Wolff, Torsten"]
[Black "Kindermann, Carsten"]
[Result "1/2-1/2"]
[WhiteElo "1901"]
[BlackElo "1909"]
[PlyCount "58"]
[EventDate "2018.??.??"]

1. d4 d5 2. Nf3 e6 3. e3 c5 4. c3 Nc6 5. Bd3 Nf6 6. Nbd2 Qc7 7. h3 e5 8. dxe5
Nxe5 9. Nxe5 Qxe5 10. Nf3 Qc7 11. O-O Be7 12. Qc2 O-O 13. Nd2 c4 14. Be2 b5 15.
e4 dxe4 16. Nxe4 Bb7 17. Bf3 a5 18. Nxf6+ Bxf6 19. Bxb7 Qxb7 20. Bf4 Rfe8 21.
Rfe1 Qd5 22. Rxe8+ Rxe8 23. Rd1 Qe4 24. Qxe4 Rxe4 25. Bd2 Re6 26. Kf1 h6 27. a3
Rc6 28. Ke2 h5 29. Bc1 Re6+ 1/2-1/2

[Event "SC Hansa Dortmund 2 - SV Horst-Emscher "]
[Site "Regionalliga 2017/2018"]
[Date "2018.04.15"]
[Round "8.1"]
[White "Aulich, Marcell"]
[Black "Sundorf, Jannik"]
[Result "0-1"]
[WhiteElo "2153"]
[BlackElo "2113"]
[PlyCount "63"]
[EventDate "2018.??.??"]

1. e4 c5 2. Nf3 g6 3. d4 cxd4 4. Qxd4 Nf6 5. e5 Nc6 6. Qa4 Nd5 7. Qe4 Nb6 8.
Bf4 d5 9. exd6 Bf5 10. Qe3 Nd5 11. Qd2 Nxf4 12. Qxf4 Bg7 13. Nbd2 O-O 14. O-O-O
e5 15. Qa4 Qxd6 16. g4 Bd7 17. Ne4 Qe7 18. Rxd7 Qxd7 19. Bc4 Rad8 20. c3 Kh8
21. h3 Qe7 22. h4 f5 23. h5 fxe4 24. hxg6 h6 25. g5 Rxf3 26. gxh6 Qg5+ 27. Kb1
Bxh6 28. Qb5 Qxg6 29. Bd5 e3+ 30. Ka1 Rh3 31. Rb1 exf2 32. Bxc6 0-1

[Event "SC Hansa Dortmund 2 - SV Horst-Emscher "]
[Site "Regionalliga 2017/2018"]
[Date "2018.04.15"]
[Round "8.2"]
[White "Berndt, Joachim"]
[Black "Baerwolf, Steven"]
[Result "0-1"]
[WhiteElo "2040"]
[BlackElo "2157"]
[PlyCount "68"]
[EventDate "2018.??.??"]

1. Nf3 Nf6 2. e3 g6 3. d4 Bg7 4. c4 O-O 5. Be2 d6 6. Nc3 c5 7. d5 e6 8. O-O
exd5 9. cxd5 Re8 10. Nd2 a6 11. a4 Nbd7 12. Nc4 Ne5 13. a5 Nxc4 14. Bxc4 b5 15.
axb6 Qxb6 16. Ra2 Bd7 17. Qd3 Ng4 18. Bd2 Ne5 19. Qe2 Nxc4 20. Qxc4 Bb5 21.
Nxb5 axb5 22. Rxa8 Rxa8 23. Qb3 b4 24. Bc3 Bxc3 25. bxc3 Ra3 26. Qb2 Rxc3 27.
Ra1 Qb5 28. Ra8+ Kg7 29. Rd8 Qd3 30. h3 Qd1+ 31. Kh2 Qxd5 32. Qe2 h5 33. Qa6
Qe5+ 34. g3 Qf6 0-1

[Event "SC Hansa Dortmund 2 - SV Horst-Emscher "]
[Site "Regionalliga 2017/2018"]
[Date "2018.04.15"]
[Round "8.3"]
[White "Becker, Marco"]
[Black "Burchert, Wolfgang"]
[Result "1/2-1/2"]
[WhiteElo "1964"]
[BlackElo "2000"]
[PlyCount "39"]
[EventDate "2018.??.??"]

1. e4 c5 2. g3 Nc6 3. Bg2 g6 4. Ne2 Bg7 5. O-O e6 6. c3 Nge7 7. d3 O-O 8. f4 d5
9. e5 Rb8 10. Nd2 b5 11. Nb3 c4 12. Nbd4 Nxd4 13. Nxd4 Qc7 14. Be3 a5 15. a4
Bd7 16. axb5 Bxb5 17. Nxb5 Rxb5 18. Qa4 Rxb2 19. dxc4 dxc4 20. Qxa5 1/2-1/2

[Event "SC Hansa Dortmund 2 - SV Horst-Emscher "]
[Site "Regionalliga 2017/2018"]
[Date "2018.04.15"]
[Round "8.4"]
[White "Linker, Walter"]
[Black "Arndt, Olaf"]
[Result "1-0"]
[WhiteElo "2027"]
[BlackElo "1876"]
[PlyCount "61"]
[EventDate "2018.??.??"]

1. f4 d5 2. Nf3 Nf6 3. e3 c5 4. b3 Bf5 5. Bb2 e6 6. Ne5 a6 7. Be2 Be7 8. O-O
O-O 9. g4 Bg6 10. f5 Ne4 11. fxg6 fxg6 12. Rxf8+ Qxf8 13. Qf1 Bf6 14. Nd3 Nc6
15. Bxf6 gxf6 16. Bf3 Ng5 17. Nc3 Qd6 18. Bg2 Kg7 19. Qf2 e5 20. h4 Nf7 21.
Nxd5 Rf8 22. Rf1 Nh6 23. g5 Ng4 24. gxf6+ Kh8 25. Qg3 h5 26. c4 b5 27. Bh3 Nxf6
28. Rxf6 Rxf6 29. Nxf6 Qxf6 30. Qg5 Qf3 31. Qh6+ 1-0